Bharat ki parmanu niti aur Bharat-America sambandh (Record no. 22937)

MARC details
000 -LEADER
fixed length control field 00467nam a2200169Ia 4500
008 - FIXED-LENGTH DATA ELEMENTS--GENERAL INFORMATION
fixed length control field 230917s9999||||xx |||||||||||||| ||und||
020 ## - ISBN
Price RS895
040 ## - CATALOGING SOURCE
-- 240863
Original cataloging agency VIVEKANANDA LIBRARY
041 ## - Language
-- English
082 ## - DDC NUMBER
Classification number 327.54073 P13B
100 ## - MAIN ENTRY--PERSONAL NAME
Personal name Padam Singh
245 #0 - TITLE STATEMENT
Title Bharat ki parmanu niti aur Bharat-America sambandh
260 ## - PUBLICATION, DISTRIBUTION, ETC. (IMPRINT)
Place of publication, distribution, etc New Delhi
Name of publisher, distributor, etc Arjun Publishing
Date of publication, distribution, etc 2014
300 ## - PHYSICAL DESCRIPTION
Pages 320 p.
500 ## - GENERAL NOTE
General note 2752 28/06/2017 HBD17/6999 29/06/2017 Main Budget
942 ## - ADDED ENTRY ELEMENTS (KOHA)
Koha item type Books
Holdings
Withdrawn status Lost status Damaged status Not for loan Location (home branch) Sublocation or collection (holding branch) Date acquired Koha issues (times borrowed) Koha full call number Accession No. Koha date last seen Koha item type
        VIVEKANANDA LIBRARY VIVEKANANDA LIBRARY 21/08/2017 1 327.54073 P13B 362208 09/03/2024 Books
© Designed and Maintained by Vivekananda Library, MDU Rohtak